Catálogo

MANUAL DE ESTADISTICAS DE PATENTES DE LA OCDE (Registro nro. 60177)

Detalles MARC
000 -LEADER
fixed length control field 00550nam a2200181 a 4500
001 - CONTROL NUMBER
control field 60177
005 - DATE AND TIME OF LATEST TRANSACTION
control field 20180714061336.0
008 - FIXED-LENGTH DATA ELEMENTS--GENERAL INFORMATION
fixed length control field 140415s2009 000 0 eng d
020 ## - INTERNATIONAL STANDARD BOOK NUMBER
International Standard Book Number 9788496113176
041 ## - LANGUAGE CODE
Language code of text/sound track or separate title eng
082 ## - DEWEY DECIMAL CLASSIFICATION NUMBER
Classification number 346.0486
Item number MAN
245 00 - TITLE STATEMENT
Title MANUAL DE ESTADISTICAS DE PATENTES DE LA OCDE
250 ## - EDITION STATEMENT
Edition statement 1a ed.
260 ## - PUBLICATION, DISTRIBUTION, ETC.
Place of publication, distribution, etc. PARIS :
Name of publisher, distributor, etc. OECD,
Date of publication, distribution, etc. 2009,
300 ## - PHYSICAL DESCRIPTION
Extent 177
490 ## - SERIES STATEMENT
Series statement FILOSOFIA Y ENSAYO
650 14 - SUBJECT ADDED ENTRY--TOPICAL TERM
Topical term or geographic name entry element PATENTES (DERECHO INTERNACIONAL)
General subdivision PATENTES
-- ESTADISTICA
-- INNOVACIONES TECNOLGICAS
-- ESTADISTICA
Existencias
Withdrawn status Lost status Source of classification or shelving scheme Damaged status Not for loan Collection code Home library Current library Shelving location Date acquired Source of acquisition Inventory number Total Checkouts Full call number Barcode Date last seen Date last checked out Price effective from Koha item type
    Dewey Decimal Classification     General Biblioteca Karol Wojtyla Biblioteca Karol Wojtyla Sala general 03/12/2013 Compra 151000000000000000045906 2 346.0486 MAN 2009 90723 05/01/2026 07/01/2020 05/09/2014 Libro